College Football Matchups: Ole Miss - Statistics

General Stats
  • This quiz has been taken 194 times
    42 since last reset
  • The average score is 13 of 16
Answer Stats
Games Opponent Subdivision % Correct
122 Mississippi State Power 4
100%
71 Alabama Power 4
97%
114 LSU Power 4
94%
72 Arkansas Power 4
92%
27 Florida Power 4
92%
50 Georgia Power 4
92%
48 Auburn Power 4
89%
47 Kentucky Power 4
89%
19 South Carolina Power 4
89%
66 Tennessee Power 4
86%
98 Vanderbilt Power 4
86%
75 Tulane Group of 5
78%
24 Southern Miss Group of 5
75%
63 Memphis Group of 5
72%
23 Arkansas State Group of 5
47%
18 Houston Power 4
28%
No matching quizzes found
Score Distribution
Percent of People with Each Score
Percentile by Number Answered
Your Score History
You have not taken this quiz since the last reset